000 00499nam a2200205Ia 4500
005 20250425161650.0
008 250425s9999 xx 000 0 und d
020 _a0080238017
041 _aeng
082 _a553
100 _aRAMDOHR, PAUL
245 0 _aTHE ORE MINERALS AND THEIR INTERGROWTHS (VOLUME 2)
250 _a2ND ED.
260 _aOXFORD
260 _aReino Unido
_bPERGAMON
_c1980
650 _aMINERALES
650 _aYACIMIENTOS MINERALES
942 _c01
010 _a25411
999 _c213663
_d213663